000 00546nam a22001812 4500
001 0000008925
005 20151217155836.0
008 080619s xx 000 0 eng d
020 _cKES
040 _aKABU
_cKABU
245 1 0 _aRestarting and sustaining growth in Kenya :
_bproceedings of a conference.
260 _aNairobi :
_bMwaniki Associates,
_c2000.
300 _avi, 98 p.
650 0 _aKenya
_xSustainable development.
_@0000159724
908 _a080619
950 _@1
999 _c13142
_d13142